[Event "FRA-chT Top 12 final (Women)"]
[Site "Poitiers"]
[Date "2025.06.29"]
[Round "4.1"]
[White "Kosteniuk, Alexandra"]
[Black "Navrotescu, Andreea Cristiana"]
[Result "1/2-1/2"]
[WhiteElo "2474"]
[BlackElo "2333"]
[PlyCount "98"]
[EventDate "2025.06.28"]
[EventType "team-k.o."]
[EventRounds "4"]
[EventCountry "FRA"]
[SourceTitle "CB27_2025"]
[SourceDate "2025.07.02"]
[SourceVersion "1"]
[SourceVersionDate "2025.07.02"]
[SourceQuality "1"]
[WhiteTeam "Monaco (W)"]
[BlackTeam "Mulhouse Philidor (W)"]
[WhiteTeamCountry "FRA"]
[BlackTeamCountry "FRA"]

1. e4 c5 2. Nf3 Nc6 3. Bb5 g6 4. Bxc6 dxc6 5. d3 Bg7 6. Nc3 e5 7. Be3 b6 8. a4 a5 9. Nd2 g5 10. h4 g4 11. h5 h6 12. Nc4 Be6 13. b3 Ne7 14. Qd2 Qc7 15. f3 0-0-0 16. Qf2 f5 17. Nxb6+ Qxb6 18. Bxc5 Qb7 19. Bb6 Rd4 20. Bxd4 exd4 21. Nb1 gxf3 22. gxf3 fxe4 23. fxe4 Qb4+ 24. Nd2 Rf8 25. Qg2 Qc3 26. 0-0-0 Be5 27. Kb1 Kd7 28. Nc4 Bxc4 29. dxc4 Rb8 30. Qh3+ Qxh3 31. Rxh3 Rf8 32. c5 Ke6 33. b4 d3 34. cxd3 Bd4 35. bxa5 Rb8+ 36. Ka2 Rb4 37. Rb1 Rxa4+ 38. Kb3 Rxa5 39. Kc4 Bxc5 40. d4 Bd6 41. Rhb3 Ra4+ 42. Kd3 c5 43. dxc5 Bxc5 44. Rb5 Ba7 45. R1b4 Rxb4 46. Rxb4 Nc6 47. Ra4 Ne5+ 48. Ke2 Bb6 49. Ra6 Nd7 1/2-1/2

[Event "FRA-chT Top 12 final (Women)"]
[Site "Poitiers"]
[Date "2025.06.29"]
[Round "3.1"]
[White "Navrotescu, Andreea Cristiana"]
[Black "Kosteniuk, Alexandra"]
[Result "1/2-1/2"]
[WhiteElo "2333"]
[BlackElo "2474"]
[PlyCount "57"]
[EventDate "2025.06.28"]
[EventType "team-k.o."]
[EventRounds "4"]
[EventCountry "FRA"]
[SourceTitle "CB27_2025"]
[SourceDate "2025.07.02"]
[SourceVersion "1"]
[SourceVersionDate "2025.07.02"]
[SourceQuality "1"]
[WhiteTeam "Mulhouse Philidor (W)"]
[BlackTeam "Monaco (W)"]
[WhiteTeamCountry "FRA"]
[BlackTeamCountry "FRA"]

1. d4 d5 2. c4 c6 3. Nc3 dxc4 4. Nf3 b5 5. g3 Nf6 6. Bg2 g6 7. 0-0 Bg7 8. e4 0-0 9. Qe2 b4 10. Na4 Nfd7 11. Rd1 Qa5 12. b3 Ba6 13. Qc2 Bb5 14. e5 Bxa4 15. bxa4 Nb6 16. e6 f6 17. Nd2 Qxa4 18. Qxa4 Nxa4 19. Nxc4 Nc3 20. Rd3 f5 21. Bb2 Na4 22. Rb1 Nxb2 23. Rxb2 a5 24. a3 Rd8 25. axb4 axb4 26. Rxb4 Ra1+ 27. Bf1 Na6 28. Rb7 Bf6 29. Kg2 1/2-1/2

[Event "FRA-chT Top 12 final (Women)"]
[Site "Poitiers"]
[Date "2025.06.28"]
[Round "1.1"]
[White "Zatonskih, Anna"]
[Black "Navrotescu, Andreea Cristiana"]
[Result "1/2-1/2"]
[WhiteElo "2306"]
[BlackElo "2333"]
[PlyCount "51"]
[EventDate "2025.06.28"]
[EventType "team-k.o."]
[EventRounds "4"]
[EventCountry "FRA"]
[SourceTitle "CB27_2025"]
[SourceDate "2025.07.02"]
[SourceVersion "1"]
[SourceVersionDate "2025.07.02"]
[SourceQuality "1"]
[WhiteTeam "Vandoeuvre (W)"]
[BlackTeam "Mulhouse Philidor (W)"]
[WhiteTeamCountry "FRA"]
[BlackTeamCountry "FRA"]

1. d4 Nf6 2. c4 e6 3. Nc3 Bb4 4. Qc2 c5 5. dxc5 0-0 6. Nf3 Na6 7. a3 Bxc3+ 8. Qxc3 Nxc5 9. e3 Nce4 10. Qc2 b6 11. Be2 Bb7 12. 0-0 Rc8 13. b3 d5 14. Bb2 dxc4 15. bxc4 Qe7 16. a4 Rfd8 17. Bd4 Nd7 18. Qb2 f6 19. a5 e5 20. Bc3 Nxc3 21. Qxc3 Bxf3 22. Bxf3 Kh8 23. Rfb1 Rc7 24. Qb4 Qxb4 25. Rxb4 g6 26. h3 1/2-1/2

[Event "WchT Blitz Pool C"]
[Site "London"]
[Date "2025.06.14"]
[Round "8.3"]
[White "Cuenca Jimenez, Jose Fernando"]
[Black "Navrotescu, Andreea Cristiana"]
[Result "1-0"]
[WhiteElo "2487"]
[BlackElo "2333"]
[PlyCount "111"]
[EventDate "2025.06.14"]
[EventType "team-tourn"]
[EventRounds "13"]
[EventCountry "ENG"]
[SourceTitle "CB25_2025"]
[SourceDate "2025.06.18"]
[SourceVersion "1"]
[SourceVersionDate "2025.06.18"]
[SourceQuality "1"]
[WhiteTeam "Duobeniajan Costa Calida"]
[BlackTeam "Chess Rising Stars"]
[WhiteTeamCountry "ESP"]
[BlackTeamCountry "GRE"]

1. d4 Nf6 2. Bf4 g6 3. Nc3 d5 4. e3 Bg7 5. h4 h6 6. Nf3 a6 7. Ne5 c5 8. dxc5 Qa5 9. Qd4 Nc6 10. Nxc6 bxc6 11. Be5 0-0 12. a3 Bf5 13. b4 Qd8 14. Bd3 Bxd3 15. cxd3 Ne8 16. Bxg7 Nxg7 17. 0-0 Nf5 18. Qf4 e6 19. g3 d4 20. exd4 Qxd4 21. Qxd4 Nxd4 22. Kg2 Rfd8 23. Rfd1 a5 24. Ne4 axb4 25. axb4 Rxa1 26. Rxa1 Nc2 27. Rb1 Rxd3 28. b5 cxb5 29. Rxb5 Rd4 30. Nd6 Rd5 31. c6 Rxd6 32. c7 Rc6 33. Rb8+ Kg7 34. c8Q Rxc8 35. Rxc8 Nd4 36. Rc4 Nf5 37. Kf3 h5 38. Kf4 Kf6 39. Rc7 Ne7 40. Ra7 Nf5 41. Ke4 Ne7 42. Rb7 Nf5 43. Rd7 Ne7 44. Kd4 Nf5+ 45. Kc5 Ne7 46. Ra7 Nd5 47. Kd6 Nc3 48. Kd7 Ne4 49. Ke8 Nd6+ 50. Kf8 Kf5 51. Kg7 Ke4 52. Rd7 Nf5+ 53. Kxf7 Kf3 54. Rd2 e5 55. Kxg6 Nd4 56. Kxh5 1-0

[Event "WchT Blitz Pool C"]
[Site "London"]
[Date "2025.06.14"]
[Round "9.3"]
[White "Navrotescu, Andreea Cristiana"]
[Black "Keneshbekov, Elim"]
[Result "1-0"]
[WhiteElo "2333"]
[BlackElo "1883"]
[PlyCount "109"]
[EventDate "2025.06.14"]
[EventType "team-tourn"]
[EventRounds "13"]
[EventCountry "ENG"]
[SourceTitle "CB25_2025"]
[SourceDate "2025.06.18"]
[SourceVersion "1"]
[SourceVersionDate "2025.06.18"]
[SourceQuality "1"]
[WhiteTeam "Chess Rising Stars"]
[BlackTeam "KYR Youth"]
[WhiteTeamCountry "GRE"]
[BlackTeamCountry "KGZ"]

1. d4 Nf6 2. c4 g6 3. Nc3 Bg7 4. e4 d6 5. Nge2 0-0 6. Ng3 e5 7. d5 a5 8. h4 h5 9. Bg5 Na6 10. Be2 Nc5 11. Bxh5 gxh5 12. Nxh5 Qe7 13. Qf3 Ncd7 14. Rh3 Kh7 15. Rg3 Rg8 16. Nb5 c6 17. Nc3 Bh8 18. 0-0-0 Rg6 19. dxc6 bxc6 20. Kb1 Ba6 21. Nxf6+ Bxf6 22. Qf5 Bxg5 23. hxg5 Kg7 24. Rh1 Qe6 25. Rgh3 Qxf5 26. exf5 Rxg5 27. Rh7+ Kf8 28. Ne4 Rg7 29. f6 Rxh7 30. Rxh7 Kg8 31. Rg7+ Kf8 32. Nxd6 Nxf6 33. Rxf7+ Kg8 34. Rxf6 Kg7 35. Re6 Rf8 36. f3 Rh8 37. Kc2 Rh2 38. Rxe5 Rxg2+ 39. Kc3 Kf6 40. Re3 Rg8 41. Ne4+ Kf5 42. Nc5 Bc8 43. b3 Kf4 44. Rd3 Bf5 45. Rd6 Rc8 46. Nb7 Rc7 47. Nxa5 Kxf3 48. Nxc6 Be4 49. Nd4+ Kf4 50. Rf6+ Ke5 51. Re6+ Kf4 52. a4 Bg2 53. a5 Bd5 54. Rd6 Be4 55. Ne6+ 1-0

[Event "WchT Blitz Pool C"]
[Site "London"]
[Date "2025.06.14"]
[Round "10.2"]
[White "Navrotescu, Andreea Cristiana"]
[Black "Schneider, Ilja"]
[Result "0-1"]
[WhiteElo "2333"]
[BlackElo "2417"]
[PlyCount "82"]
[EventDate "2025.06.14"]
[EventType "team-tourn"]
[EventRounds "13"]
[EventCountry "ENG"]
[SourceTitle "CB25_2025"]
[SourceDate "2025.06.18"]
[SourceVersion "1"]
[SourceVersionDate "2025.06.18"]
[SourceQuality "1"]
[WhiteTeam "Chess Rising Stars"]
[BlackTeam "Berlin Chess Federation"]
[WhiteTeamCountry "GRE"]
[BlackTeamCountry "GER"]

1. d4 Nf6 2. c4 e6 3. Nc3 Bb4 4. Qc2 d5 5. a3 Bxc3+ 6. Qxc3 0-0 7. Nf3 dxc4 8. Qxc4 b6 9. Bg5 c5 10. dxc5 bxc5 11. Qxc5 Nbd7 12. Qd6 Rb8 13. b4 a5 14. e3 axb4 15. axb4 Qb6 16. Qxb6 Rxb6 17. Rb1 Nd5 18. b5 f6 19. Bh4 Nc5 20. Bc4 Nc3 21. Rc1 Nxb5 22. Rb1 Bd7 23. 0-0 Rfb8 24. Rbc1 Ne4 25. Rfd1 Rd6 26. Rxd6 Nbxd6 27. Bf1 Nf5 28. Bg3 Nfxg3 29. hxg3 Kf7 30. Rc7 Ke8 31. Nd4 Rb1 32. Rc2 e5 33. Ne2 Bb5 34. Rc1 Rb2 35. Nc3 Nxc3 36. Rxc3 Rb1 37. Rc8+ Kf7 38. Rc7+ Kg6 39. Rb7 Rxf1+ 40. Kh2 Bd3 41. g4 Rxf2 0-1

[Event "WchT Rapid"]
[Site "London"]
[Date "2025.06.13"]
[Round "11.4"]
[White "Navrotescu, Andreea Cristiana"]
[Black "Garcia Martin, Marta"]
[Result "0-1"]
[WhiteElo "2195"]
[BlackElo "2262"]
[PlyCount "78"]
[EventDate "2025.06.11"]
[EventType "team-swiss"]
[EventRounds "12"]
[EventCountry "ENG"]
[SourceTitle "CB25_2025"]
[SourceDate "2025.06.18"]
[SourceVersion "1"]
[SourceVersionDate "2025.06.18"]
[SourceQuality "1"]
[WhiteTeam "Chess Rising Stars"]
[BlackTeam "ChessbrahTV"]
[WhiteTeamCountry "GRE"]
[BlackTeamCountry "CAN"]

1. d4 Nf6 2. c4 b6 3. Nc3 Bb7 4. d5 e6 5. a3 exd5 6. cxd5 Bd6 7. Nf3 0-0 8. g3 c6 9. Bg2 Nxd5 10. Nxd5 cxd5 11. 0-0 Na6 12. Nd4 Nc7 13. Be3 Qf6 14. Qd2 h6 15. Rac1 Rac8 16. Rfd1 Be5 17. b4 Ne6 18. Nb3 Bb2 19. Rb1 Bc3 20. Qd3 Nc7 21. Rdc1 Bb2 22. Rc2 Ba6 23. Qd2 Be5 24. Qc1 Bc4 25. a4 b5 26. axb5 Nxb5 27. Bxd5 Bxd5 28. Rxc8 Nc3 29. Rxf8+ Kxf8 30. Qd2 Nxb1 31. Qxd5 Qe6 32. Qa8+ Ke7 33. Nc5 Qc6 34. Qxa7 Nc3 35. f4 Bf6 36. Kf2 Nd1+ 37. Ke1 Nxe3 38. Nxd7 Qc1+ 39. Kf2 Qf1+ 0-1

[Event "WchT Rapid"]
[Site "London"]
[Date "2025.06.13"]
[Round "12.4"]
[White "Reprintsev, Alexander"]
[Black "Navrotescu, Andreea Cristiana"]
[Result "1-0"]
[WhiteElo "2299"]
[BlackElo "2195"]
[PlyCount "83"]
[EventDate "2025.06.11"]
[EventType "team-swiss"]
[EventRounds "12"]
[EventCountry "ENG"]
[SourceTitle "CB25_2025"]
[SourceDate "2025.06.18"]
[SourceVersion "1"]
[SourceVersionDate "2025.06.18"]
[SourceQuality "1"]
[WhiteTeam "Global Ramblers"]
[BlackTeam "Chess Rising Stars"]
[WhiteTeamCountry "UKR"]
[BlackTeamCountry "GRE"]

1. e4 c5 2. b3 g6 3. Bb2 Nf6 4. Nc3 Bg7 5. e5 Ng8 6. f4 Nc6 7. Nf3 a6 8. Qe2 h5 9. 0-0-0 Nh6 10. Ne4 b6 11. Nf6+ Kf8 12. Nd5 Nf5 13. Qf2 Bb7 14. Ne3 Nxe3 15. dxe3 d5 16. c4 e6 17. cxd5 exd5 18. Bc4 Ne7 19. e4 dxc4 20. Rxd8+ Rxd8 21. Ng5 Nc6 22. Rd1 Ke7 23. Rd6 Rhe8 24. Qh4 Kf8 25. Nh7+ Kg8 26. Nf6+ Kf8 27. Nxe8 Rxe8 28. bxc4 Na5 29. Rxb6 Bxe4 30. Qe1 Nxc4 31. Qxe4 Nxb6 32. Qc6 Nc8 33. Ba3 Rd8 34. Bxc5+ Ne7 35. Qxa6 Ke8 36. Qb5+ Rd7 37. a4 Nc8 38. a5 Kd8 39. a6 g5 40. Bb6+ Ke8 41. f5 g4 42. e6 1-0

[Event "WchT Rapid"]
[Site "London"]
[Date "2025.06.11"]
[Round "1.3"]
[White "Kollars, Dmitrij"]
[Black "Navrotescu, Andreea Cristiana"]
[Result "1-0"]
[WhiteElo "2553"]
[BlackElo "2195"]
[PlyCount "79"]
[EventDate "2025.06.11"]
[EventType "team-swiss"]
[EventRounds "12"]
[EventCountry "ENG"]
[SourceTitle "CB25_2025"]
[SourceDate "2025.06.18"]
[SourceVersion "1"]
[SourceVersionDate "2025.06.18"]
[SourceQuality "1"]
[WhiteTeam "Germany and Friends"]
[BlackTeam "Chess Rising Stars"]
[WhiteTeamCountry "GER"]
[BlackTeamCountry "GRE"]

1. e4 e6 2. d4 d5 3. exd5 exd5 4. Nf3 Nf6 5. Bd3 Bd6 6. Qe2+ Qe7 7. Qxe7+ Kxe7 8. 0-0 Re8 9. Nc3 c6 10. Ne5 Nbd7 11. Bf4 Bxe5 12. dxe5 Nh5 13. Bg5+ Kf8 14. Be2 d4 15. Bxh5 dxc3 16. f4 cxb2 17. Rab1 Nc5 18. Rxb2 Bf5 19. Bh4 b6 20. Re1 Rac8 21. Bf3 Be6 22. Rb4 Rc7 23. a3 Bd5 24. Be2 Be4 25. Rc4 Bd5 26. Rb4 Rd7 27. Bg4 Rc7 28. Bf2 Ne4 29. Rbxe4 Bxe4 30. Rxe4 Rd8 31. Kf1 Rd2 32. Rc4 g6 33. Ke1 Rd8 34. Bh4 Rd5 35. Bf3 Ra5 36. Rd4 Rxa3 37. Rd8+ Kg7 38. Bf6+ Kh6 39. Be2 Ra4 40. g4 1-0

[Event "WchT Rapid"]
[Site "London"]
[Date "2025.06.11"]
[Round "2.3"]
[White "Navrotescu, Andreea Cristiana"]
[Black "Nilssen, Ellen Fredericia"]
[Result "1/2-1/2"]
[WhiteElo "2195"]
[BlackElo "2104"]
[PlyCount "190"]
[EventDate "2025.06.11"]
[EventType "team-swiss"]
[EventRounds "12"]
[EventCountry "ENG"]
[SourceTitle "CB25_2025"]
[SourceDate "2025.06.18"]
[SourceVersion "1"]
[SourceVersionDate "2025.06.18"]
[SourceQuality "1"]
[WhiteTeam "Chess Rising Stars"]
[BlackTeam "Danish Futures"]
[WhiteTeamCountry "GRE"]
[BlackTeamCountry "DEN"]

1. d4 d5 2. c4 e6 3. Nc3 a6 4. cxd5 exd5 5. Qb3 c5 6. Qxd5 cxd4 7. Qxd8+ Kxd8 8. Ne4 Bb4+ 9. Bd2 Bxd2+ 10. Kxd2 Nc6 11. g3 Kc7 12. Bg2 Bf5 13. Nc5 Nge7 14. Nh3 Kb6 15. Rac1 Rac8 16. a3 Rhd8 17. Nf4 Ka7 18. Rhd1 b6 19. Ncd3 g5 20. Nh3 f6 21. Ke1 Na5 22. Ng1 Nb3 23. Rxc8 Rxc8 24. Nf3 Rc2 25. Nb4 Rc4 26. Nd2 Nxd2 27. Kxd2 a5 28. Nd3 Kb8 29. h4 Kc7 30. hxg5 fxg5 31. Rh1 Kd6 32. Rh5 g4 33. Rg5 b5 34. Bb7 b4 35. axb4 Bxd3 36. Kxd3 Rxb4 37. Be4 Rxb2 38. Rxa5 Rb4 39. Bxh7 Ke6 40. Be4 Kf6 41. f3 gxf3 42. exf3 Ke6 43. f4 Rb3+ 44. Kxd4 Rxg3 45. Ra6+ Kf7 46. Ke5 Re3 47. Ra7 Kf8 48. Kd4 Re1 49. Rb7 Rf1 50. Ke5 Re1 51. Kf6 Ng8+ 52. Ke5 Ne7 53. f5 Nxf5 54. Kxf5 Re2 55. Bd5 Rf2+ 56. Ke6 Re2+ 57. Kd6 Rd2 58. Rf7+ Ke8 59. Rh7 Kf8 60. Rf7+ Ke8 61. Rf3 Rd1 62. Rg3 Rf1 63. Rg8+ Rf8 64. Bc6+ Kf7 65. Bd5+ Ke8 66. Rg7 Rh8 67. Be6 Kf8 68. Rf7+ Ke8 69. Ra7 Kf8 70. Ke5 Rh5+ 71. Bf5 Rh6 72. Be6 Rh5+ 73. Kd6 Rh1 74. Rf7+ Ke8 75. Rg7 Rf1 76. Rg8+ Rf8 77. Rg3 Rh8 78. Rf3 Rh6 79. Rg3 Rh8 80. Rg7 Kf8 81. Rf7+ Ke8 82. Rf6 Kd8 83. Bd5 Kc8 84. Rf7 Rh6+ 85. Be6+ Kb8 86. Re7 Rh2 87. Bd5 Rh6+ 88. Kc5 Rh2 89. Bc6 Rc2+ 90. Kb6 Rb2+ 91. Bb5 Rc2 92. Re8+ Rc8 93. Re7 Rc2 94. Rb7+ Kc8 95. Re7 Kb8 1/2-1/2

[Event "FRA-chT Top 12 (Women) GpB"]
[Site "Paris"]
[Date "2025.05.11"]
[Round "5.9"]
[White "Gaponenko, Inna"]
[Black "Navrotescu, Andreea Cristiana"]
[Result "1/2-1/2"]
[WhiteElo "2318"]
[BlackElo "2323"]
[PlyCount "76"]
[EventDate "2025.05.08"]
[EventType "team-tourn"]
[EventRounds "5"]
[EventCountry "FRA"]
[SourceTitle "CB20_2025"]
[SourceDate "2025.05.14"]
[SourceVersion "1"]
[SourceVersionDate "2025.05.14"]
[SourceQuality "1"]
[WhiteTeam "Asnieres (W)"]
[BlackTeam "Mulhouse Philidor (W)"]
[WhiteTeamCountry "FRA"]
[BlackTeamCountry "FRA"]

1. e4 c5 2. Nf3 Nc6 3. c3 Nf6 4. e5 Nd5 5. d4 cxd4 6. cxd4 d6 7. Bc4 dxe5 8. dxe5 Be6 9. 0-0 g6 10. Ng5 Bg7 11. Nxe6 fxe6 12. f4 0-0 13. Nc3 Qb6+ 14. Kh1 Rad8 15. Nxd5 exd5 16. Bxd5+ Kh8 17. Qb3 Qxb3 18. Bxb3 Bxe5 19. Rb1 Rf6 20. g3 g5 21. Ba4 gxf4 22. Bxf4 Bxf4 23. Rxf4 Rxf4 24. gxf4 Rd2 25. Bxc6 bxc6 26. Rc1 Rxb2 27. Rxc6 Rxa2 28. Re6 Kg7 29. Rxe7+ Kg6 30. Re5 a5 31. Kg1 a4 32. Ra5 Kf6 33. h4 a3 34. Kf1 h6 35. Kg1 Ke6 36. f5+ Kf6 37. Kf1 h5 38. Kg1 Rb2 1/2-1/2

[Event "FRA-chT Top 12 (Women) GpB"]
[Site "Paris"]
[Date "2025.05.10"]
[Round "4.5"]
[White "Navrotescu, Andreea Cristiana"]
[Black "Garcia Martin, Marta"]
[Result "0-1"]
[WhiteElo "2323"]
[BlackElo "2324"]
[PlyCount "82"]
[EventDate "2025.05.08"]
[EventType "team-tourn"]
[EventRounds "5"]
[EventCountry "FRA"]
[SourceTitle "CB20_2025"]
[SourceDate "2025.05.14"]
[SourceVersion "1"]
[SourceVersionDate "2025.05.14"]
[SourceQuality "1"]
[WhiteTeam "Mulhouse Philidor (W)"]
[BlackTeam "Marseille (W)"]
[WhiteTeamCountry "FRA"]
[BlackTeamCountry "FRA"]

1. d4 d5 2. c4 e6 3. Nc3 a6 4. cxd5 exd5 5. Bf4 Nf6 6. e3 c5 7. Nge2 Nc6 8. g3 cxd4 9. Nxd4 Bg4 10. Be2 Bxe2 11. Ncxe2 Bb4+ 12. Kf1 Qd7 13. Kg2 0-0 14. Qd3 h6 15. f3 Rfe8 16. g4 Ne5 17. Qb3 Bf8 18. Rad1 Rac8 19. Rhe1 Nc4 20. Nf5 Re6 21. Qc3 Nxe3+ 22. Bxe3 Rxc3 23. Nxc3 b5 24. a3 Qe8 25. Bf2 g6 26. Ne3 Bg7 27. Ncxd5 Nxd5 28. Nxd5 Rxe1 29. Rxe1 Qd8 30. Rd1 Bxb2 31. Bc5 Kg7 32. Rd2 Be5 33. Be7 Qd7 34. Bb4 Qe6 35. Kf1 Qc6 36. Kg2 Kh7 37. h3 Qc1 38. Re2 Bd4 39. Be1 Qd1 40. Kf1 Qb3 41. Nc7 Qxf3+ 0-1

[Event "San Vicente op 9th"]
[Site "San Vicente"]
[Date "2025.04.17"]
[Round "3"]
[White "Oro, Faustino"]
[Black "Navrotescu, Andreea Cristiana"]
[Result "1-0"]
[WhiteElo "2423"]
[BlackElo "2301"]
[PlyCount "75"]
[EventDate "2025.04.16"]
[EventType "swiss"]
[EventRounds "9"]
[EventCountry "ESP"]
[SourceTitle "CB17_2025"]
[SourceDate "2025.04.23"]
[SourceVersion "1"]
[SourceVersionDate "2025.04.23"]
[SourceQuality "1"]

1. d4 Nf6 2. c4 e6 3. Nf3 d5 4. cxd5 exd5 5. Nc3 c6 6. Bf4 Bf5 7. e3 Qb6 8. Bd3 Qxb2 9. Bxf5 Qxc3+ 10. Kf1 Nbd7 11. h4 Be7 12. h5 Nb6 13. g3 Nc4 14. Kg2 Qa3 15. Rb1 b5 16. Ne5 Qa6 17. Qd3 Qb7 18. g4 h6 19. f3 Nd6 20. Rhc1 Nxf5 21. Qxf5 Rc8 22. Rxb5 Qa6 23. Ra5 Qe2+ 24. Kg3 0-0 25. Qc2 Qxc2 26. Rxc2 Bb4 27. Rxa7 Ra8 28. Rxa8 Rxa8 29. Nxc6 Be1+ 30. Kg2 Ra3 31. Kf1 Ba5 32. Bd6 Ra4 33. Be5 Kf8 34. Bd6+ Ke8 35. Ne5 Kd8 36. Nxf7+ Kd7 37. Bf4 Ke7 38. Ne5 1-0

[Event "London Menchik Memorial (Women) 10th"]
[Site "London"]
[Date "2025.03.22"]
[Round "6"]
[White "Navrotescu, Andreea Cristiana"]
[Black "Sliwicka, Alicja"]
[Result "1/2-1/2"]
[WhiteElo "2288"]
[BlackElo "2342"]
[PlyCount "60"]
[EventDate "2025.03.20"]
[EventType "tourn"]
[EventRounds "9"]
[EventCountry "ENG"]
[SourceTitle "CB13_2025"]
[SourceDate "2025.03.26"]
[SourceVersion "1"]
[SourceVersionDate "2025.03.26"]
[SourceQuality "1"]

1. c4 e6 2. Nf3 Nf6 3. g3 d5 4. Bg2 d4 5. 0-0 c5 6. e3 Nc6 7. exd4 cxd4 8. d3 Bd6 9. Bg5 h6 10. Bxf6 Qxf6 11. Nbd2 Qe7 12. Re1 0-0 13. Nb3 Rd8 14. Nbxd4 Nxd4 15. Nxd4 Bxg3 16. hxg3 Rxd4 17. Re4 Qd8 18. Rxd4 Qxd4 19. Qb3 Rb8 20. Re1 b6 21. Re4 Qd7 22. Qc3 Bb7 23. Rg4 f5 24. Rd4 Qe7 25. Qe1 Bxg2 26. Kxg2 e5 27. Rd5 Re8 28. Qe2 Qe6 29. Qf3 Rf8 30. Qe3 Re8 1/2-1/2

[Event "London Menchik Memorial (Women) 10th"]
[Site "London"]
[Date "2025.03.21"]
[Round "4"]
[White "Navrotescu, Andreea Cristiana"]
[Black "Toma, Katarzyna"]
[Result "1-0"]
[WhiteElo "2288"]
[BlackElo "2177"]
[PlyCount "81"]
[EventDate "2025.03.20"]
[EventType "tourn"]
[EventRounds "9"]
[EventCountry "ENG"]
[SourceTitle "CB13_2025"]
[SourceDate "2025.03.26"]
[SourceVersion "1"]
[SourceVersionDate "2025.03.26"]
[SourceQuality "1"]

1. c4 Nf6 2. Nc3 g6 3. e4 c5 4. g3 Nc6 5. Bg2 d6 6. d3 Bg7 7. Nge2 Bd7 8. a3 0-0 9. Rb1 Nd4 10. Nxd4 cxd4 11. Ne2 e5 12. 0-0 b5 13. cxb5 Bxb5 14. a4 Bc6 15. f4 a5 16. h3 Nd7 17. b3 Re8 18. Ba3 Nb6 19. Qc2 Qd7 20. Rfc1 Rec8 21. Qd2 h6 22. Kh2 Bb7 23. h4 Rxc1 24. Rxc1 Qd8 25. fxe5 dxe5 26. Bh3 Bc8 27. Bxc8 Nxc8 28. Ng1 f5 29. Rc6 fxe4 30. Rxg6 e3 31. Qg2 Ra7 32. Qe4 Qe8 33. Nf3 Rf7 34. Nxd4 Rf2+ 35. Kh3 Qf7 36. Ne6 Qf5+ 37. Qxf5 Rxf5 38. Rxg7+ Kh8 39. Rg4 Nb6 40. Re4 Nd5 41. Bc5 1-0

[Event "London Menchik Memorial (Women) 10th"]
[Site "London"]
[Date "2025.03.20"]
[Round "1"]
[White "Navrotescu, Andreea Cristiana"]
[Black "Mirzoeva, Elmira"]
[Result "1/2-1/2"]
[WhiteElo "2288"]
[BlackElo "2272"]
[PlyCount "146"]
[EventDate "2025.03.20"]
[EventType "tourn"]
[EventRounds "9"]
[EventCountry "ENG"]
[SourceTitle "CB13_2025"]
[SourceDate "2025.03.26"]
[SourceVersion "1"]
[SourceVersionDate "2025.03.26"]
[SourceQuality "1"]

1. e4 c6 2. d4 d5 3. e5 Bf5 4. h4 a6 5. g4 Bd7 6. h5 c5 7. Be2 cxd4 8. Qxd4 Qc7 9. Nc3 e6 10. Nf3 Nc6 11. Qf4 h6 12. Nxd5 exd5 13. e6 Qxf4 14. exd7+ Kxd7 15. Bxf4 Re8 16. Be3 Nf6 17. Rg1 Kc7 18. 0-0-0 Bd6 19. c3 Ne4 20. Rge1 Rd8 21. Nd4 Nxd4 22. Bxd4 Bf4+ 23. Kc2 f6 24. Bf3 Rhe8 25. c4 Be5 26. cxd5 Bxd4 27. Rxd4 Nd6 28. Rxe8 Rxe8 29. Kd2 Re5 30. Rd3 Kb6 31. b4 Kc7 32. Kc3 Nb5+ 33. Kc4 Nd6+ 34. Kb3 Kd7 35. a4 Kc7 36. Rc3+ Kd7 37. a5 Re1 38. Rc2 Nb5 39. Rd2 Rb1+ 40. Kc4 Nd6+ 41. Kc5 Rc1+ 42. Kd4 Rc4+ 43. Kd3 Rxb4 44. Ra2 Rb3+ 45. Ke2 Nb5 46. Rd2 Kd6 47. g5 hxg5 48. Bg4 Nc3+ 49. Kf1 Ne4 50. Rc2 Nc5 51. Re2 Rb4 52. Bf5 Rf4 53. Bg6 g4 54. Kg2 f5 55. Re8 Nd3 56. Re3 Ne5 57. Kg3 Nxg6 58. Re6+ Kxd5 59. Rxg6 Rf3+ 60. Kh4 Rxf2 61. Rxg7 Rh2+ 62. Kg5 Ke4 63. Re7+ Kf3 64. Rxb7 g3 65. Rb3+ Kg2 66. Kxf5 Rxh5+ 67. Kg4 Rxa5 68. Rb2+ Kf1 69. Kxg3 Rb5 70. Rxb5 axb5 71. Kf3 Ke1 72. Ke3 Kd1 73. Kd3 Kc1 1/2-1/2

[Event "Qatar Masters op-A"]
[Site "Doha"]
[Date "2024.12.10"]
[Round "7"]
[White "Bhagat, Kush"]
[Black "Navrotescu, Andreea Cristiana"]
[Result "1-0"]
[WhiteElo "2288"]
[BlackElo "2356"]
[PlyCount "77"]
[EventDate "2024.12.03"]
[EventType "swiss"]
[EventRounds "9"]
[EventCountry "QAT"]
[SourceTitle "CB51_2024"]
[SourceDate "2024.12.18"]
[SourceVersion "1"]
[SourceVersionDate "2024.12.18"]
[SourceQuality "1"]

1. d4 Nf6 2. c4 e6 3. Nc3 Bb4 4. Nf3 d5 5. Qa4+ Nc6 6. e3 0-0 7. Qc2 a6 8. a3 Bd6 9. c5 Be7 10. b4 Re8 11. Bb2 Bf8 12. b5 Nb8 13. bxa6 bxa6 14. Ne5 Nfd7 15. f4 f6 16. Nxd7 Nxd7 17. Bd3 g6 18. h4 f5 19. g4 Nf6 20. g5 Ng4 21. Bc1 h5 22. Rb1 Bd7 23. Bd2 Bc6 24. Na2 Bb5 25. a4 Bxd3 26. Qxd3 Qd7 27. Qc2 Reb8 28. Ke2 Qe8 29. Ba5 Ra7 30. Rxb8 Qxb8 31. Rb1 Qe8 32. Qb3 Rb7 33. Qxb7 Qxa4 34. Qb3 Qxa5 35. Nc3 Bxc5 36. dxc5 Qxc5 37. Nd1 d4 38. Qxe6+ Kg7 39. Qd7+ 1-0

[Event "Qatar Masters op-A"]
[Site "Doha"]
[Date "2024.12.07"]
[Round "5"]
[White "Garifullina, Leya"]
[Black "Navrotescu, Andreea Cristiana"]
[Result "1-0"]
[WhiteElo "2451"]
[BlackElo "2356"]
[PlyCount "81"]
[EventDate "2024.12.03"]
[EventType "swiss"]
[EventRounds "9"]
[EventCountry "QAT"]
[SourceTitle "CB51_2024"]
[SourceDate "2024.12.18"]
[SourceVersion "1"]
[SourceVersionDate "2024.12.18"]
[SourceQuality "1"]

1. e4 c5 2. Nf3 d6 3. d4 cxd4 4. Nxd4 Nf6 5. Nc3 Nc6 6. Bg5 e6 7. Qd2 a6 8. 0-0-0 Be7 9. f3 Nxd4 10. Qxd4 b5 11. h4 Bb7 12. Kb1 Rc8 13. g4 h6 14. Bc1 d5 15. exd5 Nxd5 16. Ne4 Nf6 17. Qf2 Qc7 18. Nxf6+ Bxf6 19. Bd3 Qc5 20. Qg2 g6 21. g5 hxg5 22. hxg5 Rxh1 23. Rxh1 Bg7 24. Be4 Bxe4 25. fxe4 Qe5 26. Rf1 Rc7 27. Qf3 a5 28. c3 Rd7 29. Be3 Qc7 30. Rc1 Qc4 31. Bb6 a4 32. Qf4 a3 33. Qb8+ Ke7 34. e5 axb2 35. Rc2 Qd5 36. Bd4 Rb7 37. Qc8 Bxe5 38. Bxe5 Ra7 39. Bf6+ Kd6 40. Qb8+ Rc7 41. Bd8 1-0